[Event "ARG-ch Seniors 65"]
[Site "Buenos Aires"]
[Date "2021.12.11"]
[Round "6"]
[White "Meineri, Carlos"]
[Black "Zito, Alberto"]
[Result "0-1"]
[WhiteElo "1361"]
[BlackElo "1563"]
[PlyCount "52"]
[EventDate "2021.12.08"]
[EventType "swiss"]
[EventRounds "7"]
[EventCountry "ARG"]
[SourceTitle "CBM 205 Extra"]
[Source "ChessBase"]
[SourceDate "2022.01.31"]
[SourceVersion "1"]
[SourceVersionDate "2022.01.31"]
[SourceQuality "1"]

1. d4 c5 2. Nf3 cxd4 3. Nxd4 e5 4. Nf3 Nf6 5. Nc3 Nc6 6. e4 Bb4 7. Bd3 Bxc3+ 8. bxc3 d5 9. exd5 Qxd5 10. Qe2 0-0 11. 0-0 e4 12. Bc4 exf3 13. gxf3 Qe5 14. Be3 Bh3 15. Rfd1 Rad8 16. Bd3 Nd5 17. f4 Nxf4 18. Bxf4 Qxf4 19. f3 Ne5 20. Be4 b6 21. Rd4 Rxd4 22. cxd4 Ng6 23. Kh1 Re8 24. Rg1 Bf5 25. Qb5 Rxe4 26. Qc6 Qxf3+ 0-1

[Event "ARG-ch Seniors 65"]
[Site "Buenos Aires"]
[Date "2021.12.09"]
[Round "2"]
[White "Lopez, Hector"]
[Black "Meineri, Carlos"]
[Result "1-0"]
[WhiteElo "1682"]
[BlackElo "1361"]
[PlyCount "45"]
[EventDate "2021.12.08"]
[EventType "swiss"]
[EventRounds "7"]
[EventCountry "ARG"]
[SourceTitle "CBM 205 Extra"]
[Source "ChessBase"]
[SourceDate "2022.01.31"]
[SourceVersion "1"]
[SourceVersionDate "2022.01.31"]
[SourceQuality "1"]

1. d4 d5 2. c4 e5 3. e3 Nc6 4. cxd5 Qxd5 5. Nc3 Qd8 6. d5 Nce7 7. e4 Nf6 8. Nf3 Ng6 9. Bd3 Bb4 10. h3 0-0 11. 0-0 Bd7 12. Na4 Be7 13. Be3 c6 14. Nc3 Qa5 15. Qb3 cxd5 16. exd5 Bb4 17. Bxg6 fxg6 18. Nxe5 Bf5 19. Nc4 Qd8 20. Qxb4 Bd3 21. Ne5 Bxf1 22. Rxf1 Re8 23. Nf3 1-0